<?xml version="1.0" encoding="UTF-8"?>
<record
    xmlns:xsi="http://www.w3.org/2001/XMLSchema-instance"
    xsi:schemaLocation="http://www.loc.gov/MARC21/slim http://www.loc.gov/standards/marcxml/schema/MARC21slim.xsd"
    xmlns="http://www.loc.gov/MARC21/slim">

  <leader>00728nam a22001937a 4500</leader>
  <datafield tag="999" ind1=" " ind2=" ">
    <subfield code="c">176577</subfield>
    <subfield code="d">176577</subfield>
  </datafield>
  <controlfield tag="005">20210128112239.0</controlfield>
  <datafield tag="010" ind1=" " ind2=" ">
    <subfield code="a">UR-11000</subfield>
  </datafield>
  <datafield tag="020" ind1=" " ind2=" ">
    <subfield code="c">350.00</subfield>
    <subfield code="a">9789387884809</subfield>
  </datafield>
  <datafield tag="035" ind1=" " ind2=" ">
    <subfield code="a">U-9555</subfield>
  </datafield>
  <datafield tag="037" ind1=" " ind2=" ">
    <subfield code="b">DBAD/PUB</subfield>
  </datafield>
  <datafield tag="082" ind1=" " ind2=" ">
    <subfield code="a">954.022</subfield>
  </datafield>
  <datafield tag="100" ind1=" " ind2=" ">
    <subfield code="a">&#x638;&#x641;&#x631; &#x639;&#x628;&#x62F; &#x627;&#x644;&#x631; &#x624; &#x641; &#x631; &#x62D;&#x645;&#x627; &#x646;&#x6CC;</subfield>
  </datafield>
  <datafield tag="245" ind1=" " ind2=" ">
    <subfield code="a">&#x634;&#x64A;&#x631; &#x634;&#x627; &#x6C1; &#x633;&#x648; &#x631; &#x6CC;: &#x639;&#x6C1;&#x62F;&#x60C; &#x62D;&#x6A9;&#x648; &#x645;&#x62A; &#x627; &#x648; &#x631; &#x645;&#x639;&#x646;&#x648; &#x64A;&#x62A;</subfield>
    <subfield code="c">&#x638;&#x641;&#x631; &#x639;&#x628;&#x62F; &#x627;&#x644;&#x631; &#x624; &#x641; &#x631; &#x62D;&#x645;&#x627; &#x646;&#x6CC;</subfield>
  </datafield>
  <datafield tag="246" ind1=" " ind2=" ">
    <subfield code="b">Sher Shah Suri : Ahd, Hukumat aur Manawiyat  (Urdu)</subfield>
    <subfield code="a">by Zafar Abdur Raoof Rehmani </subfield>
  </datafield>
  <datafield tag="260" ind1=" " ind2=" ">
    <subfield code="a">Bihar</subfield>
    <subfield code="b">Creatyve Star Publications,</subfield>
    <subfield code="c">2019 &#x621;</subfield>
  </datafield>
  <datafield tag="270" ind1=" " ind2=" ">
    <subfield code="a">Jamia Nagar </subfield>
    <subfield code="b">New Delhi</subfield>
    <subfield code="e">110025</subfield>
    <subfield code="l">9958380431</subfield>
  </datafield>
  <datafield tag="300" ind1=" " ind2=" ">
    <subfield code="a">416 &#x635; </subfield>
    <subfield code="c">22 Cm(Hb)</subfield>
  </datafield>
  <datafield tag="942" ind1=" " ind2=" ">
    <subfield code="2">ddc</subfield>
    <subfield code="c">UR</subfield>
    <subfield code="h">954.022</subfield>
    <subfield code="m">&#x631; &#x62D; &#x645; </subfield>
  </datafield>
  <datafield tag="952" ind1=" " ind2=" ">
    <subfield code="0">0</subfield>
    <subfield code="1">0</subfield>
    <subfield code="4">0</subfield>
    <subfield code="7">0</subfield>
    <subfield code="8">NFIC</subfield>
    <subfield code="a">L</subfield>
    <subfield code="b">L</subfield>
    <subfield code="d">2021-01-11</subfield>
    <subfield code="e">DBAD/PUB</subfield>
    <subfield code="g">350.00</subfield>
    <subfield code="l">5</subfield>
    <subfield code="m">8</subfield>
    <subfield code="o">954.022 &#x631; &#x62D; &#x645;</subfield>
    <subfield code="p">U-9555</subfield>
    <subfield code="r">2023-11-09 00:00:00</subfield>
    <subfield code="s">2023-10-03</subfield>
    <subfield code="t">1</subfield>
    <subfield code="v">350.00</subfield>
    <subfield code="y">UR</subfield>
  </datafield>
</record>
